LIBRARY & INFORMATION CENTRE, KCAET, TAVANUR

ONLINE PUBLIC ACCESS CATALOGUE (OPAC)

Thimmayyante thimingalavetta / (Record no. 18140)

MARC details
000 -LEADER
fixed length control field 00469nam a2200181 4500
003 - CONTROL NUMBER IDENTIFIER
control field OSt
008 - FIXED-LENGTH DATA ELEMENTS--GENERAL INFORMATION
fixed length control field 241007b |||||||| |||| 00| 0 eng d
020 ## - INTERNATIONAL STANDARD BOOK NUMBER
ISBN 9788126207633
041 ## - LANGUAGE CODE
Language code of text/sound track or separate title mal
082 ## - DEWEY DECIMAL CLASSIFICATION NUMBER
Classification number 808.899282
Item number PAL/TH
100 ## - MAIN ENTRY--AUTHOR NAME
Personal name Pallipuram, Sippi
245 ## - TITLE STATEMENT
Title Thimmayyante thimingalavetta /
250 ## - EDITION STATEMENT
Edition statement 2nd ed.
260 ## - PUBLICATION, DISTRIBUTION, ETC. (IMPRINT)
Place of publication Thiruvananthapuram :
Name of publisher Chintha Publishers,
Year of publication 2023.
300 ## - PHYSICAL DESCRIPTION
Number of Pages 32p.
650 ## - SUBJECT ADDED ENTRY--TOPICAL TERM
Topical Term Children's literature
942 ## - ADDED ENTRY ELEMENTS (KOHA)
Koha item type Books
Holdings
Withdrawn status Lost status Damaged status Home library Current library Date acquired Source of acquisition Cost, normal purchase price Full call number Accession Number Koha item type
      KAUAET KAUAET 07/10/2024 Donated by KT Jaleel MLA 110.00 808.899282 PAL/TH 26285 Books
free website counter